Library of the University of Algiers 3
Ibrahim Sultan Cheibout
شعار جامعة الجزائر 3
مكتبة جامعة الجزائر 3
إبراهيم سلطان شيبوط

السياسات المالية للمؤسسة : (رقم التسجيلة. 41266)

تفاصيل مارك
000 -LEADER
fixed length control field 01865nam a2200229Ia 4500
003 - CONTROL NUMBER IDENTIFIER
control field Ost
005 - DATE AND TIME OF LATEST TRANSACTION
control field 20260416102357.0
008 - FIXED-LENGTH DATA ELEMENTS--GENERAL INFORMATION
fixed length control field 260416s9999||||xx |||||||||||||| ||und||
040 ## - CATALOGING SOURCE
Transcribing agency fsecg
041 ## - LANGUAGE CODE
Language code of text/sound track or separate title ara
082 ## - DEWEY DECIMAL CLASSIFICATION NUMBER
Classification number 332
100 ## - MAIN ENTRY--PERSONAL NAME
Personal name خوري، نبيل
Relator term مؤلف
245 #0 - TITLE STATEMENT
Title السياسات المالية للمؤسسة :
Remainder of title مطبوعة جامعية موجهة لطلبة السنة الثالثة ليسانس تخصص مالية و محاسبة شعبة المالية و المحاسبة قسم العلوم التجارية /
Statement of responsibility, etc. نبيل خوري
260 ## - PUBLICATION, DISTRIBUTION, ETC.
Place of publication, distribution, etc. الجزائر
Name of publisher, distributor, etc. جامعة الجزائر3: كلية العلوم الإقتصادية، العلوم التجارية وعلوم التسيير
Date of publication, distribution, etc. 2022
300 ## - PHYSICAL DESCRIPTION
Extent 128 ورقة
Other physical details ايضاحات
Dimensions 30 سم
504 ## - BIBLIOGRAPHY, ETC. NOTE
Bibliography, etc. note مراجع ص.127
520 ## - SUMMARY, ETC.
Summary, etc. المبادئ الأساسية للتسيير المالي للمؤسسة ، قرار الاستثمار في المؤسسة ، قرارالتمويل في المؤسسة ، قرار توزيع أرباح السهم ، العلاقة بين القرارات المالية في المؤسسة ، معايير اختيار الاستثمارات في حالة التأكد و في حالة المخاطرة و في حالة عدم التأكد ، أمثلية هيكل رأس مال المؤسسة و قيمة المؤسسة ، النظريات المفسرة لهيكل رأس المال ، مفاهيم أساسية لسياسة توزيع أرباح السهم في المؤسسة و النظريات الأساسية المفسرة لسياسة توزيع أرباح السهم.
653 ## - INDEX TERM--UNCONTROLLED
Uncontrolled term الاستثمار
653 ## - INDEX TERM--UNCONTROLLED
Uncontrolled term المالية
710 ## - ADDED ENTRY--CORPORATE NAME
Corporate name or jurisdiction name as entry element جامعة الجزائر3: كلية العلوم الإقتصادية، العلوم التجارية وعلوم التسيير
Relator term ناشر علمي
942 ## - ADDED ENTRY ELEMENTS (KOHA)
Koha item type مطبوعات
المقتنيات
Withdrawn status Lost status Source of classification or shelving scheme Damaged status Not for loan Home library Current library Date acquired Serial enumeration / chronology Inventory number Total checkouts Full call number Barcode Date last seen Price effective from Koha item type
    Dewey Decimal Classification   NOT LOAN / إعارة داخلية مكتبة كلية العلوم الإقتصادية والعلوم التجارية وعلوم التسيير مكتبة كلية العلوم الإقتصادية والعلوم التجارية وعلوم التسيير 16/04/2026 الطابق الثاني مط.479-1   مط.479 ن1 مط.479-1 16/04/2026 16/04/2026 مطبوعات

موارد الويب المفتوحة


© University of Algiers 3 All Rights Reserved
|
Implemented by LECHELAH Riad